000 00897cam a2200289 4500
999 _c126244
_d126244
001 1238557
003 ARRUPE
005 20170228151849.0
008 701026s1968 enkabf b 000 0 eng
010 _a 70385974
015 _aB69-01972
020 _a0600037932
040 _aDLC
_cDLC
_dDLC
050 0 0 _aN7397.W4
_bD8
082 0 0 _a709/.67
100 1 _aDuerden, Dennis.
_94806
245 1 0 _aAfrican art.
260 _aFeltham,
_bHamlyn,
_c1968.
300 _a39 p.
_b48 plates, illus. (incl. 51 col.), map.
_c28 cm.
350 _a17/6
490 0 _aThe Colour library of art
504 _aBibliography: p. 32.
650 0 _aArt, West African
_y20th century.
_929142
906 _a7
_bcbc
_corignew
_du
_encip
_f19
_gy-gencatlg
942 _2lcc
_cMONOGRAPH